Estadísticas para Países menos corruptos de América

Haz click aquí para intentar la prueba.

Estadísticas generales

  • Esta prueba ha sido intentada 85 veces
  • La puntuación promedio es 9 de 15

Estadísticas de respuestas

SubcontinentePaís% Correcto
NorteaméricaCanadá
96%
NorteaméricaEstados Unidos
96%
SudaméricaChile
91%
SudaméricaUruguay
87%
SudaméricaArgentina
67%
CentroaméricaCosta Rica
64%
CaribeBarbados
46%
CaribeBahamas
45%
CaribeSanta Lucía
45%
Caribe/SudaméricaTrinidad y Tobago
45%
CaribeCuba
42%
CaribeGranada
37%
CaribeSan Vicente y las Granadinas
37%
CaribeDominica
36%
SudaméricaGuyana
31%

Distribución de puntuación

Porcentaje por número respondido

Porcentaje de gente con cada puntuación

Historial de tus puntuaciones

No has intentado esta prueba.